| 000 | 00620nam a2200217 a 4500 | ||
|---|---|---|---|
| 001 | BRCA_1984 | ||
| 005 | 20190320203627.0 | ||
| 008 | 111005s2001----sp-a---###---#000-0#spa-d | ||
| 020 | _a8423968138 | ||
| 050 | 4 |
_aPC4625 _b.D53 2001 |
|
| 245 | 1 | 0 | _aDiccionario de la lengua española. |
| 250 | _a22 | ||
| 260 |
_aEspaña _bReal Academia Española _c2001 |
||
| 300 |
_a1614 p. _bil. _c30 cm. |
||
| 500 | _aIncluye apéndice : Modelos de conjugaciones | ||
| 500 | _aEstado físico: encuadernado | ||
| 650 | 1 | 4 |
_aEspañol _vdiccionario _96085 |
| 710 | 2 |
_aReal Academia Española _95969 |
|
| 902 | _aREF | ||
| 942 |
_2lcc _cB |
||
| 999 |
_c1752 _d1752 |
||